000 00919cab a2200229 4500
001 WB3317-03
008 090401t1997 xxu||||| |||| 00| 0 eng d
035 _a(Sirsi) u78142
041 _aeng
245 _aPayment problems set to persist
260 _c1997
350 _a0
490 _aContract Journal
_v387(6123) 30 April 1997, 1(1)
520 _aDespite expected payment rules in the Housing Grants, Construction and Regeneration Act, the construction industry could still experience cashflow problems. To overcome this weakness in the Act, the Construction Industry Board is to introduce a new code of practice "Engagement of Main contractors".
650 _aCASHFLOW PROBLEMS
650 _aCODE OF PRACTICE
650 _aHOUSING GRANTS CONSTRUCTION AND REGENERATION ACT 1996
650 _aLATHAM REFORMS
690 _aBUILT ENVIRONMENT-BUILDING CONTRACT FORMS
942 _n0
948 _c02/05/1997
999 _c49166
_d49166